000 00942nam a22002777a 4500
001 BR8700219
003 BR-BrBNA
005 20230928092328.0
007 ta
008 230509b bl.||||| |||| 00| 0 por d
040 _aBR-BrBNA
_bpor
_cBiblioteca Nacional de Agricultura
041 _a(Por)
072 _aE10; E70
_b/G514
090 _ E10 BR8700219
110 1 _aSecretaria de Estado da Agricultura, Belo Horizonte, MG (Brasil). Assessoria de Planejamento e Coordenacao
_98796
245 1 _aPrograma de abastecimento de produtos hortigranjeiros para Minas Gerais
260 3 _aBelo Horizonte, MG (Brasil):
_c1980.
300 _a110 p.
500 _a(*) Documento disponível no(a) Secretaria de Estado da Agricultura, Belo Horizonte, MG (Brazil)
650 _aABASTECIMENTO
650 _aPRODUTO HORTIGRANJEIRO
650 _aMINAS GERAIS
650 _aCOMERCIALIZACAO
909 _a202309
_bLucia
_c55
_dLucia Elande
942 _cBK
999 _c38380
_d38380